Statistics for Disney Pixar Characters A-Z

Click here to take the quiz!

General Stats

  • This quiz has been taken 266 times
  • The average score is 10 of 25

Answer Stats

Letter Hint Answer % Correct
ADiamond in the rough street rat who poses as a prince.Aladdin
81%
DSenior member of the seven dwarves.Doc
76%
BMillions of children were traumatized when his mother died.Bambi
74%
CIf she doesn't scare you no evil thing will.Cruella DeVille
72%
NThe future Lion Queen.Nala
66%
OHe's probably the most famous snowman brought to life since Frosty.Olaf
64%
PHe may no longer be a planet but he's still Mickey's faithful companion.Pluto
63%
LYoung Hawaiian native with a love of Elvis.Lilo
62%
EShe can make a castle out of nice but doesn't make any furniture.Elsa
58%
INasty parrot with a flair for mimicry and hatred of crackers.Iago
55%
TFor some reason she never seemed to make the other lost boys fly.Tinker Bell
48%
QHis name literally means "half formed".Quasimodo
47%
FHe's like the MacGyver of his ant colony.Flick
42%
RRodent with a flair for haute cuisine.Remy
40%
HGreek messenger God voiced by Paul Shaffer.Hermes
36%
ZMufasa forces him to be a tackling dummy for Simba.Zazu
33%
YShe turns Emperor Kuzco into a llama.Yzma
31%
JIncredibly hot wife of framed title character.Jessica Rabbit
28%
KHead of Tarzan's family.Kerchak
13%
VOstracized videogame avatar voiced by Sarah Silverman.Vanellope von Schweetz
12%
UHas six tentacles and two arms.Ursala
9%
GIndustrious rodent and the object of Chip n' Dale's affection.Gadget
6%
WShe called Scrooge McDuck "Uncle Scrooge" even though they weren't related.Webbigail Vanderquack
3%
MWitch who's after Scrooge's number one dime but sounds like she should be looking for "moose and squirrel".Magica De Spell
2%
SGreen duck indicated by a bassoon.Sonia
1%

Score Distribution

Percentile by Number Answered

Percent of People with Each Score

Your Score History

You have not taken this quiz